| 000 | 00466nam a22001697a 4500 | ||
|---|---|---|---|
| 003 | OSt | ||
| 008 | 260508b |||||||| |||| 00| 0 eng d | ||
| 082 |
_a633.15 _b41R |
||
| 100 | _aRam, Shyam Deo | ||
| 245 | _aResponse of Various Phosphorus Carriers to Winter Maize (Zea Mays L.) Cultivars Vis-a-Vis Crop Densities | ||
| 260 |
_aPusa, Samastipur _bRAU _c1986 |
||
| 300 | _a106P. | ||
| 502 |
_bMsc. _d1986 |
||
| 650 | _aAgronomy | ||
| 650 | _aMsc. | ||
| 942 |
_2ddc _cT |
||
| 999 |
_c50520 _d50520 |
||